000 01018cam a22003255a 4500
999 _c27182
_d27154
001 18802014
005 20190220121322.0
008 150929t2017 maua frbd 001 0 eng d
010 _a 2015953360
020 _a9781305502277
020 _a1305502272
040 _aDLC
_beng
_cDLC
_dEG-ScBUE
082 0 4 _a658.4012
_bHIL
_222
100 1 _aHill, Charles W.
245 1 0 _aStrategic management :
_ban integrated approach : theory & cases /
_cCharles W. L. Hill., Melissa A. Schilling, Gareth R. Jones.
250 _a12th ed.
260 _aBoston :
_bCengage,
_cc.2017.
263 _a1512
300 _a1 v. (various pagings) :
_bill. (col.) ;
_c24 cm.
504 _aIncludes bibliographical references and index.
650 7 _aStrategic planning
_2BUEsh
650 7 _aBusiness planning
_2BUEsh
650 7 _aIndustrial management
_2BUEsh
651 _2BUEsh
653 _bBUSADM
_cFebruary2019
655 _vReading book
700 1 _aSchilling, Melissa A.
700 1 _aJones, Gareth R.
942 _2ddc